[Event "AUTO-ELITE-2601"]
[Site "http://www.queenalice.com/game.php?id=1866012"]
[Date "2025.11.22"]
[Round "1"]
[White "Sexxy_Bunny"]
[Black "JailtonMaster"]
[Result "1-0"]
[WhiteElo "2678"]
[BlackElo "2171"]

1. e4 e5 2. Nf3 Nc6 3. Bb5 a6 4. Ba4 Nf6 5. O-O Be7 6. Re1 b5 7. Bb3 O-O 8. c3
d5 9. exd5 Nxd5 10. Nxe5 Nxe5 11. Rxe5 c6 12. d4 Bd6 13. Re1 Qh4 14. g3 Qh3 15.
Be3 Bg4 16. Qd3 Rae8 17. Nd2 Re6 18. a4 f5 19. axb5 f4 20. Bxf4 Bxf4 21. Rxe6
Bxe6 22. bxa6 Bxd2 23. Qxd2 Bg4 24. Bc4 Bf3 25. Bf1 Qd7 26. a7 Ra8 27. c4 Nc7
28. Qe3 Bg4 29. Qe5 Re8 30. Qc5 Ne6 31. Qb6 Nc7 32. Bg2 Na8 33. Qxc6 Qe7 34.
Qxa8 1-0

[Event "AUTO-ELITE-2602"]
[Site "http://www.queenalice.com/game.php?id=1866748"]
[Date "2025.12.8"]
[Round "1"]
[White "Sexxy_Bunny"]
[Black "raulzampronha"]
[Result "1-0"]
[WhiteElo "2680"]
[BlackElo "2242"]

1. e4 c5 2. Nf3 Nc6 3. d4 cxd4 4. Nxd4 Nf6 5. Nc3 d6 6. Bg5 Bd7 7. Qd2 Rc8 8.
O-O-O Nxd4 9. Qxd4 Qa5 10. f4 Rxc3 11. bxc3 e5 12. Qb4 Qxb4 13. cxb4 Nxe4 14.
Bh4 g5 15. fxg5 Be7 16. Bc4 b5 17. Bb3 Nxg5 18. Rhf1 Ne6 19. Bxe7 Kxe7 20. Rf3
Rg8 21. Bxe6 fxe6 22. Rdd3 Rxg2 23. Rg3 1-0

[Event "AUTO-ELITE-2602"]
[Site "http://www.queenalice.com/game.php?id=1866749"]
[Date "2025.12.8"]
[Round "1"]
[White "raulzampronha"]
[Black "Sexxy_Bunny"]
[Result "0-1"]
[WhiteElo "2258"]
[BlackElo "2676"]

1. e4 c5 2. Nc3 Nc6 3. f4 g6 4. Nf3 Bg7 5. Bc4 d6 6. O-O e6 7. d3 Nge7 8. f5
exf5 9. Qe1 h6 10. Bd2 a6 11. Bb3 fxe4 12. dxe4 b5 13. Bd5 O-O 14. Qh4 Nxd5 0-1

[Event "AUTO-ELITE-2552"]
[Site "http://www.queenalice.com/game.php?id=1867417"]
[Date "2025.12.29"]
[Round "4"]
[White "mestreRJ"]
[Black "Sexxy_Bunny"]
[Result "1/2-1/2"]
[WhiteElo "2692"]
[BlackElo "2688"]

1. e4 e6 2. d4 d5 3. e5 c5 4. c3 Nc6 5. Nf3 Qb6 6. Bd3 cxd4 7. cxd4 Bd7 8. Be2
Nge7 9. Na3 Nf5 10. Nc2 Qa5+ 11. Bd2 Qb6 12. Bc3 Be7 13. O-O a5 14. Qd2 O-O 15.
a3 a4 16. Bd3 f6 17. Bxf5 exf5 18. Rfe1 f4 19. e6 Bc8 20. Qxf4 Nd8 21. Ne3 Bxe6
22. Nh4 Rf7 23. Nhf5 Bf8 24. Bb4 Bxb4 25. axb4 Rd7 26. h4 Qxb4 27. h5 a3 28.
bxa3 Rxa3 29. Rad1 Rd3 30. Rb1 Rb3 31. Rbd1 Rd3 32. Ra1 Ra3 33. Rab1 1/2-1/2

[Event "AUTO-ELITE-2552"]
[Site "http://www.queenalice.com/game.php?id=1867418"]
[Date "2025.12.29"]
[Round "4"]
[White "Sexxy_Bunny"]
[Black "mestreRJ"]
[Result "1/2-1/2"]
[WhiteElo "2684"]
[BlackElo "2692"]

1. e4 e6 2. d4 d5 3. Nc3 dxe4 4. Nxe4 Nd7 5. Nf3 Ngf6 6. Nxf6+ Nxf6 7. Bd3 c5 8.
dxc5 Bxc5 9. O-O O-O 10. Bg5 b6 11. Qe2 Bb7 12. Rad1 Qc7 13. Bxf6 gxf6 14. Be4
Bxe4 15. Qxe4 Rfd8 16. c3 Bf8 17. Nd4 f5 18. Qf3 Rac8 19. Rd3 Rd5 20. Rfd1 h6
21. Nc2 Rxd3 22. Qxd3 Bg7 23. Qd7 Qb8 24. Qe7 Re8 25. Qd6 Qb7 26. Qd7 Qa8 27.
Qc7 Rc8 28. Qe7 Bf8 1/2-1/2

[Event "AUTO-ELITE-2605"]
[Site "http://www.queenalice.com/game.php?id=1867533"]
[Date "2026.1.4"]
[Round "1"]
[White "raulzampronha"]
[Black "Sexxy_Bunny"]
[Result "0-1"]
[WhiteElo "2248"]
[BlackElo "2690"]

1. e4 e6 2. d4 d5 3. Nc3 Nf6 4. e5 Nfd7 5. f4 c5 6. Nf3 Nc6 7. Be3 a6 8. Qd2 b5
9. a3 Qa5 10. Be2 b4 11. Nd1 Rb8 12. a4 cxd4 13. Nxd4 Nxd4 14. Bxd4 Bc5 15. Ne3
O-O 16. O-O Bxd4 17. Qxd4 Qc5 18. Rfd1 a5 19. c3 bxc3 20. bxc3 Rb3 21. Rac1 Qxd4
22. Rxd4 Nc5 23. Bb5 Ba6 24. Bxa6 Nxa6 25. Kf2 Nc5 26. Kf3 Rc8 27. f5 h6 28.
fxe6 fxe6 0-1

[Event "AUTO-ELITE-2605"]
[Site "http://www.queenalice.com/game.php?id=1867534"]
[Date "2026.1.4"]
[Round "1"]
[White "Sexxy_Bunny"]
[Black "raulzampronha"]
[Result "1-0"]
[WhiteElo "2692"]
[BlackElo "2267"]

1. e4 c5 2. Nf3 e6 3. d4 cxd4 4. Nxd4 Nf6 5. Nc3 d6 6. g4 a6 7. h3 Be7 8. g5
Nfd7 9. h4 b5 10. a3 Bb7 11. Be3 Qc7 12. f4 Nc6 13. Qd2 Nxd4 14. Bxd4 e5 15. Be3
exf4 16. Bxf4 Ne5 17. O-O-O Rc8 18. Bh3 Rd8 19. Nd5 Bxd5 20. exd5 O-O 21. Kb1 f6
22. Be6+ Kh8 23. Rh3 Nc4 24. Qg2 Rb8 25. g6 b4 26. h5 h6 27. Bxh6 1-0